Littérature et interprétation dans Lectures lentes: loisir, ouverture et lucidité (notice n° 1583287)
[ vue normale ]
| 000 -LEADER | |
|---|---|
| fixed length control field | 01805cam a2200157 4500500 |
| 005 - DATE AND TIME OF LATEST TRANSACTION | |
| control field | 20251228052320.0 |
| 041 ## - LANGUAGE CODE | |
| Language code of text/sound track or separate title | fre |
| 042 ## - AUTHENTICATION CODE | |
| Authentication code | dc |
| 100 10 - MAIN ENTRY--PERSONAL NAME | |
| Personal name | Mercier-Leca, Florence |
| Relator term | author |
| 245 00 - TITLE STATEMENT | |
| Title | Littérature et interprétation dans Lectures lentes: loisir, ouverture et lucidité |
| 260 ## - PUBLICATION, DISTRIBUTION, ETC. | |
| Date of publication, distribution, etc. | 2011.<br/> |
| 500 ## - GENERAL NOTE | |
| General note | 24 |
| 520 ## - SUMMARY, ETC. | |
| Summary, etc. | RésuméAprès la Première Guerre mondiale, les dirigeants tentèrent d’établir un nouveau système international, la « sécurité collective », qui cherchait désormais à englober dans le système diplomatique l’adversaire potentiel et non plus à lier des alliances contre lui. Malheureusement, ce système échoua. Cela n’est pas dû seulement au renoncement de l’Allemagne à la démocratie ou aux difficultés que connut le système libéral (démocratique et économique) dans les années trente, mais aussi parce que les dirigeants (notamment français et britanniques) et leurs opinions publiques, profondément marqués par la guerre, voulurent à tout prix sauver la paix. À partir de 1924, et notamment avec les accords de Locarno en 1925, la sécurité collective – qui s’appuie sur le multilatéralisme et sur l’égalité des États membres – se voit substituer un système de consultation entre les principales puissances. Une sorte d’ancien Concert européen ressurgit et, avec lui, l’acceptation d’une révision progressive des traités, seule assurance, pour certains, d’éviter la guerre. En dénaturant le principe qui avait été établi au lendemain de la guerre, l’Europe n’est pas parvenue à assurer une paix durable. |
| 786 0# - DATA SOURCE ENTRY | |
| Note | Transversalités | 119 | 3 | 2011-09-01 | p. 193-197 | 1286-9449 |
| 856 41 - ELECTRONIC LOCATION AND ACCESS | |
| Uniform Resource Identifier | <a href="https://shs.cairn.info/revue-transversalites-2011-3-page-193?lang=fr&redirect-ssocas=7080">https://shs.cairn.info/revue-transversalites-2011-3-page-193?lang=fr&redirect-ssocas=7080</a> |
Pas d'exemplaire disponible.




Réseaux sociaux